[Event "Ramco Tech op"]
[Site "Rajapalayam"]
[Date "2018.11.30"]
[Round "3"]
[White "Ravi, Thandalam Shanmugam"]
[Black "Mahendran, K."]
[Result "1-0"]
[WhiteElo "2294"]
[BlackElo "1636"]
[PlyCount "113"]
[EventDate "2018.11.29"]
[EventType "swiss"]
[EventRounds "8"]
[EventCountry "IND"]
[SourceTitle "CBM 187 Extra"]
[Source "ChessBase"]
[SourceDate "2018.11.04"]
[SourceVersion "1"]
[SourceVersionDate "2018.11.04"]
[SourceQuality "1"]

1. e4 c6 2. d4 d5 3. exd5 cxd5 4. c4 e6 5. Nc3 Nf6 6. Nf3 Be7 7. cxd5 exd5 8. Bd3 0-0 9. h3 Nc6 10. 0-0 h6 11. a3 Re8 12. Re1 Bd6 13. Rxe8+ Qxe8 14. Bc2 Be6 15. Qd3 Rc8 16. Bd2 Qd7 17. Re1 Re8 18. Ne5 Qc8 19. Bf4 Bb8 20. Bg3 Ne7 21. Ba4 Rd8 22. Ne2 Bxe5 23. Bxe5 Ne4 24. Rc1 Nc6 25. f3 Nd6 26. Bxc6 bxc6 27. Bxd6 Rxd6 28. Nf4 Bf5 29. Qe3 Qd7 30. g4 Be6 31. Re1 Kf8 32. Nd3 Qd8 33. Ne5 Kg8 34. f4 Bc8 35. f5 Kf8 36. Qg3 h5 37. Rf1 hxg4 38. hxg4 Rh6 39. g5 Rh5 40. f6 g6 41. Nxc6 Qd7 42. Ne5 Qa4 43. Nxg6+ Kg8 44. Qe5 Qd7 45. Ne7+ Kh8 46. Qg3 Rh3 47. Qg2 Qc7 48. g6 Rg3 49. g7+ Kh7 50. g8Q+ Rxg8 51. Qxg8+ Kh6 52. Qg7+ Kh5 53. Qxf7+ Kg4 54. Qg7+ Kh5 55. Qg6+ Kh4 56. Qh6+ Kg4 57. Qf4+ 1-0